000 00829nam a22002297a 4500
005 20120925113817.0
008 120925t xxu||||| |||| 00| 0 eng d
010 _aENG-105964
020 _c895.00
_a9789380833545
035 _aEN-89497
037 _bDBAD/PUB
040 _aDPL
_bEnglish
100 _949115
245 _aAdministrative agencies and judicial control /
_cedited by Ashok Kumar
260 _aNew Delhi
_bGlobal Publications
_c2012
270 _bNew Delhi
_a4378/4B,G-4 JMD House, Murari Lal Street, Ansari Road, Daryaganj
_e110002
_mglobalpublications4u@gmail.com
300 _avi,316p.
_c23cm(Hb)
500 _aIncludes index
700 _aAshok Kumar
_952601
942 _2ddc
_cEN
_mADM
999 _c70270
_d70270